[Event "Mittelfrankenliga-B2b 0506"]
[Site "Germany"]
[Date "2005.11.20"]
[Round "2.7"]
[White "Heinz, Manfred"]
[Black "Roth, Hans"]
[Result "1-0"]
[WhiteElo "1752"]
[BlackElo "1753"]
[PlyCount "109"]
[EventDate "2005.10.16"]
[EventType "team"]
[EventRounds "9"]
[EventCountry "GER"]
[SourceTitle "EXT 2007"]
[Source "ChessBase"]
[SourceDate "2006.11.23"]
[SourceVersion "1"]
[SourceVersionDate "2006.11.23"]
[SourceQuality "1"]

1. Nf3 d5 2. c4 c6 3. d4 Nf6 4. Nc3 e6 5. Bg5 Be7 6. e3 Nbd7 7. Bd3 h6 8. Bh4 dxc4 9. Bxc4 0-0 10. 0-0 Re8 11. Qc2 b6 12. Rfd1 Bb7 13. a4 Qc8 14. e4 c5 15. d5 exd5 16. exd5 a6 17. Rac1 Bd6 18. Ba2 Qc7 19. Qf5 g6 20. Qc2 Kg7 21. Bg3 Rad8 22. Nh4 Bxg3 23. hxg3 Qd6 24. Bb1 Nf8 25. Ba2 Re5 26. Nf3 Re7 27. Rd2 Rde8 28. Rcd1 N8d7 29. Kf1 Nf8 30. Bc4 Bc8 31. Re2 Ng4 32. Rxe7 Rxe7 33. Ne4 Qd7 34. d6 Re8 35. Bd5 f6 36. Qc4 Bb7 37. Kg1 Bxd5 38. Qxd5 Ne5 39. a5 Nxf3+ 40. gxf3 Re5 41. Qa8 f5 42. Nc3 Ne6 43. axb6 Nd8 44. Qa7 Nb7 45. Kg2 f4 46. Qxa6 fxg3 47. fxg3 g5 48. Qa4 Qf5 49. Qc6 Nd8 50. Qc7+ Nf7 51. Rd2 Re3 52. Rf2 Qd3 53. d7 g4 54. fxg4 Nd8 55. b7 1-0

[Event "Mittelfrankenliga-B2b 0506"]
[Site "Germany"]
[Date "2005.10.16"]
[Round "1.8"]
[White "Kuth, Hans"]
[Black "Roth, Hans"]
[Result "0-1"]
[WhiteElo "1658"]
[BlackElo "1753"]
[PlyCount "78"]
[EventDate "2005.10.16"]
[EventType "team"]
[EventRounds "9"]
[EventCountry "GER"]
[SourceTitle "EXT 2007"]
[Source "ChessBase"]
[SourceDate "2006.11.23"]
[SourceVersion "1"]
[SourceVersionDate "2006.11.23"]
[SourceQuality "1"]

1. e4 e5 2. Nc3 Nc6 3. d3 Nf6 4. Be3 d5 5. exd5 Nxd5 6. Nxd5 Qxd5 7. Qf3 Qd6 8. a3 Be7 9. Qg3 Bf6 10. Be2 Bd7 11. Nf3 Ne7 12. Bg5 Nf5 13. Bxf6 Nxg3 14. Bxe5 Qb6 15. hxg3 f6 16. Bc3 0-0-0 17. Rh4 Rhe8 18. Kf1 Qe6 19. Nd4 Qf7 20. Nb3 Bc6 21. Rf4 Bxg2+ 22. Kxg2 Rxe2 23. Nd4 Qd5+ 24. Kg1 Re5 25. Nb3 Rh5 26. f3 Rf5 27. Rxf5 Qxf5 28. Kg2 Re8 29. Nd4 Qd5 30. Kf2 Qh5 31. Re1 Rxe1 32. Bxe1 Qh2+ 33. Ke3 c5 34. Ne2 Kd7 35. b4 Qh5 36. Bc3 Qd5 37. Nc1 Qg5+ 38. f4 Qxg3+ 39. Ke4 Qg2+ 0-1